Memòria 1996 / Biblioteca Pública Arús
Descripción Física:
15 f. ; 31 cm
Materias:
Biblioteca Pública Arús -- Memòries
MARC
| LEADER | 00000nam a2200000Ia 4500 | ||
|---|---|---|---|
| 001 | 11695 | ||
| 008 | 160829s1997 xx 000 0 cat d | ||
| 080 | |a FU-28-12 | ||
| 110 | 2 | |a Biblioteca Pública Arús |9 54507 | |
| 245 | |a Memòria 1996 / Biblioteca Pública Arús | ||
| 260 | |a Barcelona : |b [la Biblioteca], |c 1997 | ||
| 300 | |a 15 f. ; |c 31 cm | ||
| 650 | |a Biblioteca Pública Arús |x Memòries |9 21095 | ||
| 901 | |a Arxiu | ||
| 942 | |n 1 | ||
| 952 | |0 0 |1 0 |4 0 |6 FU2812 |7 1 |9 41795 |a Arxiu |b Arxiu |d 2016-12-01 |l 0 |o FU-28-12 |p 11695 |r 2016-12-01 00:00:00 |w 2016-12-01 |y ARXIU | ||
| 999 | |c 43686 |d 43686 | ||